000 00897cam a2200289 i 4500
999 _c200459685
_d77897
003 TR-AnTOB
005 20240207141750.0
007 ta
008 231212s2023 tu 000 0 tur d
020 _a9786259984452
040 _aIU
_beng
_erda
_cIU
_dTR-AnTOB
041 0 _atur
050 1 _aKKX810
090 _aKKX 810
_b.K55ö 2023
100 1 _aKılıçoğlu, Ahmet Mithat
_9121890
_eauthor
245 1 0 _aBorçlar hukuku :
_bözel hükümler /
_cProf. Dr. Ahmet M. Kılıçoğlu.
250 _aGözden geçirilmiş ve güncelleştirilmiş 5. bsm.
264 1 _aAnkara :
_bTurhan Kitabevi,
_c2023.
300 _alxviii, 762 pages ;
_c24 cm
336 _2rdacontent
_atext
_btxt
337 _2rdamedia
_aunmediated
_bn
338 _2rdacarrier
_avolume
_bnc
650 0 7 _aBorçlar Hukuku
_2etuturkob
_938726
650 0 _aÖzel hükümler.
942 _2lcc
_cBK